Los regímenes laborales especiales /

Debido a la diversidad y complejidad de modalidades de trabajos y relaciones laborales que han ido surgiendo a lo largo del tiempo, se ha modificado gradualmente la Ley Federal del Trabajo. En esta obra se abordan las normas que se han creado, entre otras, para: trabajadores de confianza; deportista...

Ausführliche Beschreibung

Gespeichert in:
Bibliographische Detailangaben
1. Verfasser: Reynoso Castillo, Carlos (autor)
Format: Buch
Sprache:Spanisch
Veröffentlicht: México : UAM Azcapotzalco, 1992, c1992
Schriftenreihe:(Libro de Texto)
Schlagworte:
Tags: Tag hinzufügen
Keine Tags, Fügen Sie das erste Tag hinzu!

MARC

LEADER 00000nam^a2200000^a^4500
001 000110301
005 20250521000000.0
009 20260310093750.794
020 |a 970-620-170-X 
037 |a Acervo ITESO - Biblioteca 
041 |a ESP 
082 |a 344. 7201  |b REY 
100 |a Reynoso Castillo, Carlos  |e (autor) 
245 1 4 |a Los regímenes laborales especiales /  |c C. Reynoso Castillo. 
264 4 |a México :  |b UAM Azcapotzalco,  |c 1992, c1992 
300 |a 287 p. 
336 |a texto  |b txt  |2 rdacontenido 
337 |a sin mediación  |b n  |2 rdamedio 
338 |a volumen  |b nc  |2 rdasoporte 
440 1 |a (Libro de Texto) 
520 |a Debido a la diversidad y complejidad de modalidades de trabajos y relaciones laborales que han ido surgiendo a lo largo del tiempo, se ha modificado gradualmente la Ley Federal del Trabajo. En esta obra se abordan las normas que se han creado, entre otras, para: trabajadores de confianza; deportistas profesionales; trabajadores actores y músicos; agentes de comercio y otros semejantes; trabajo de médicos residentes en período de adiestramiento en especialidad; trabajo en las universidades e instituciones de educación superior autónomas por ley. 
649 |a XX 
650 |a Relaciones Laborales -  |z México -  |x Aspectos Jurídicos 
650 |a Recursos Humanos 
650 |a Derecho Laboral -  |z México 
650 |a Derecho Público 
910 |a Fondo General 
920 |a Impresos - Libros 
930 |a Colección General 
905 |a 101 
901 |a 0500046660  |b IT1  |c ACC  |u 20250521 
902 |a https://opac.biblio.iteso.mx/vufind/Record/000110301